Tài liệu luyện thi chứng chỉ quốc gia oral exams A, B, C

שמור ב:
מידע ביבליוגרפי
מחבר ראשי: Phạm Thị Mai
פורמט: ספר
שפה:Undetermined
יצא לאור: Tp. HCM Thanh Niên 2003
נושאים:
תגים: הוספת תג
אין תגיות, היה/י הראשונ/ה לתייג את הרשומה!
Thư viện lưu trữ: Trung tâm Học liệu Trường Đại học Cần Thơ
LEADER 00552nam a2200193Ia 4500
001 CTU_59423
008 210402s9999 xx 000 0 und d
020 |b 25000 
082 |a 428.34 
082 |b M103 
100 |a Phạm Thị Mai 
245 0 |a Tài liệu luyện thi chứng chỉ quốc gia oral exams A, B, C 
245 0 |c Phạm Thị Mai 
260 |a Tp. HCM 
260 |b Thanh Niên 
260 |c 2003 
650 |a english language,spoken english 
904 |i Minh 
980 |a Trung tâm Học liệu Trường Đại học Cần Thơ